Регионална библиотека "Любен Каравелов" - Русе

В търсене на Набоков (Запис номер 15403)

MARC детайли
000 -Лидер
Контролно поле с фиксирана дължина 01775nam a2200397 c 4500
003 - Код на организацията, давaща контролен номер
Контролно поле BLK
005 - Дата и час на последна редакция
Контролно поле 20180422094652.0
008 - Елементи от данни с фиксирана дължина
fixed length control field 180413b bul|||||r ||||||| ||bul||
010 ## - Наследен системен номер
LC control number KNG00017182000
020 ## - Международен стандартен номер на книга ISBN
Международен стандартен номер на книга ISBN 954-07-0415-4
-- издат.: Унив. изд. Св. Климент Охридски
040 ## - Източник на каталожния запис
Идентификатор на билиотеката - собственик на записа BLK
041 ## - Код за език
Код за езика на текст/звукозапис или на отделно заглавие Български
Код за езика КДБФ Български
080 ## - УДК
Текстов определител УДК Руска литература
УДК код - определител по УДК 821.161.1
УДК определител (092)
УДК - код + определител 821.161.1(092)
080 ## - УДК
Текстов определител УДК Руска литература
УДК код - определител по УДК 821.161.1
УДК определител .09
УДК - код + определител 821.161.1.09
080 ## - УДК
Текстов определител УДК Руски писател
УДК код - определител по УДК 929 Набоков, Владимир Владимирович
УДК определител
УДК - код + определител 929 Набоков, Владимир Владимирович
100 1# - Редна дума - Автор
Автор Шаховская, Зинаида
Авторска отговорност първи автор
R(LIN) 142911
139 ## - Редно поле
Редна дума Шаховская, Зинаида
Авторски знак Шап - Ш 27
245 10 - Сведения за заглавието
Заглавие В търсене на Набоков
Подзаглавни данни Спомени
Редно поле (дума) Зинаида Шаховская; прев. от рус. Иван Цветков.
257 ## - Страна на издаване
Страна на създаване/издаване Русия
260 ## - Област на издателските данни
-- София
Име на издателя, разпространителя и проч. Унив. изд. Св. Климент Охридски
Година на издаване 1995
300 ## - Физическа характеристика
Страници 124 с.
Размери/Мащаб 20 см
380 ## - Жанр
Жанр Литературознание
500 ## - Общи забележки
Забележка Ориг. загл. В поисках Набокова / Зинаида Шаховская. - 1 000 тир.
600 14 - Име на лице, използвано като предмет
За него / За нея Набоков, Владимир Владимирович
9 (RLIN) 100100
650 #4 - Допълнително описание по предмет – тема
Основно описание – тема или топоним Писатели, руски
9 (RLIN) 245764
650 #4 - Допълнително описание по предмет – тема
Основно описание – тема или топоним Руска литература
9 (RLIN) 249426
653 ## - Ключова дума – ненормативна
Ключова дума руски писатели
653 ## - Ключова дума – ненормативна
Ключова дума руска литература
653 ## - Ключова дума – ненормативна
Ключова дума Владимир Набоков
700 1# - Други автори (авторска отговорност)
Лично име Цветков, Иван
Автороска отговорност (Описва отношението между автора и произведението) прев. от рус.
9 (RLIN) 364088
852 ## - Местоположение
Форматна сигнатура Цб 192551
856 4# - Електронен адрес и достъп
Електронен формат pdf - файл
Път до файла /url/
856 4# - Електронен адрес и достъп
Електронен формат pdf - файл
Път до файла /url/
942 ## - АРТИКУЛИ
Вид на библиотечния материал Книги
Скрит в OPAC Не
944 ## - СЪЗДАВАНЕ И РЕДАКЦИЯ на ЗАПИСА
Създаване/Редакция Създаване
Дата на регистрацията/редакция 15.01.2003
Служител, извършил регистрацията/редакцията AB_DOS
944 ## - СЪЗДАВАНЕ И РЕДАКЦИЯ на ЗАПИСА
Създаване/Редакция Редакция
Дата на регистрацията/редакция 22.10.2015
Служител, извършил регистрацията/редакцията Милена_Ачева
999 ## - СИСТЕМНИ КОНТРОЛНИ НОМЕРА
Koha biblionumber 15403
Koha biblioitemnumber 15403
Наличности
Код за отписване Код за изгубен артикул Източник на класификационната схема Код за повреда Коз за рестрикции Код за отдаване Артикулен № Име на библиотеката - собственик Име на библиотеката, в която се намира в момента Статус (Текущо местоположение) Дата на вписване в системата Местоположение - отдел Цена в лева Инвентарен номер Систематично азбучна сигнатура Баркод Номер на екземпляра Цена в евро Служебен тип на артикула Служебна бележка
  Не е изгубен Universal Decimal Classification Не е повреден без рестрикции ползва се в читалня 26165 Регионална библиотека "Любен Каравелов" Русе Регионална библиотека "Любен Каравелов" Русе Хранилище 2001-01-01 Хранилище 0.05 631919 Цб 192551 120000631919 1 0.03 Книги  
Изтеглен Не е изгубен Universal Decimal Classification Не е повреден без рестрикции заемане за дома 26166 Регионална библиотека "Любен Каравелов" Русе Регионална библиотека "Любен Каравелов" Русе Заемна - подръчен фонд 2001-01-01 Заемна - подръчен фонд 3.00 657386 П 882.09(092)/ 657386 2 1.53 Книги Дата инв: 19.02.2018 Бележки инв: П2018
Изтеглен Не е изгубен Universal Decimal Classification Не е повреден без рестрикции заемане за дома 26167 Регионална библиотека "Любен Каравелов" Русе Регионална библиотека "Любен Каравелов" Русе Заемна - подръчен фонд 2001-01-01 Заемна - подръчен фонд 3.00 657387 П 882.09(092)/ 657387 3 1.53 Книги Дата инв: 08.02.2018 Бележки инв: П2018
Изтеглен Не е изгубен Universal Decimal Classification Не е повреден без рестрикции заемане за дома 26168 Регионална библиотека "Любен Каравелов" Русе Регионална библиотека "Любен Каравелов" Русе Заемна - подръчен фонд 2001-01-01 Заемна - подръчен фонд 3.00 657388 П 882.09(092)/ 657388 4 1.53 Книги Дата инв: 08.02.2018 Бележки инв: П2018
Изтеглен Не е изгубен Universal Decimal Classification Не е повреден без рестрикции заемане за дома 26169 Регионална библиотека "Любен Каравелов" Русе Регионална библиотека "Любен Каравелов" Русе Заемна - подръчен фонд 2001-01-01 Заемна - подръчен фонд 3.00 657389 П 882.09(092)/ 657389 5 1.53 Книги Дата инв: 19.02.2018 Бележки инв: П2018
  Не е изгубен Universal Decimal Classification Не е повреден без рестрикции ползва се в читалня 26170 Регионална библиотека "Любен Каравелов" Русе Регионална библиотека "Любен Каравелов" Русе Читалня 2001-01-01 Читалня 3.00 657390 Ч 821.09/Н 12 В 120000657390 6 1.53 Книги Дата инв: 27.03.2017 Бележки инв: Ч2017
Vip Innovations Ltd, Rousse, Bulgaria 2025